| 000 | 00522nam a22001817a 4500 | ||
|---|---|---|---|
| 003 | CEME | ||
| 005 | 20210628202533.0 | ||
| 008 | 210121b xxu||||| |||| 00| 0 eng d | ||
| 020 | _a1-881527-97-2 | ||
| 040 | _c. | ||
| 082 | _a641.563 MAU | ||
| 100 |
_aMauer , Don _960399 |
||
| 245 | _a Lean and lovin' it ,exceptionally delicious recipes for low fat living and permanent weight loss | ||
| 260 |
_aNEW YORK _bHOUGHTON MIFFLIN _c1996 |
||
| 300 | _a448 P | ||
| 650 |
_aREDUCING DIETS RECIPES _960400 |
||
| 942 |
_cBK _2ddc |
||
| 999 |
_c570128 _d570128 |
||